| 000 | 00722nam a2200193 4500 | ||
|---|---|---|---|
| 001 | 109959 | ||
| 003 | ES-MaACL | ||
| 005 | 20230906184941.0 | ||
| 007 | t| | ||
| 008 | 061121s1928 sp r ||||1| spa d | ||
| 100 | 1 |
_aOpitz, E. _987124 |
|
| 245 | 1 | 0 |
_aTratado de ginecología / _cescrito bajo la dirección del prof. Dr. E, Opitz ; traducido por M. Montaner de la Poza y M. Montaner Toutain ; con un prólodo del Excmo. Sr. D. Sebatián Ruaseus Grial. |
| 260 |
_aBarcelona : _b[s.n.], _c1928 ( _fImp. Moderna) |
||
| 300 |
_a2 v. : _bil ; _c25 cm. |
||
| 700 | 1 |
_aMontaner de la Poza, M. _982378 |
|
| 700 | 1 |
_aMontaner Toutain, M. _982382 |
|
| 700 | 1 |
_aRuaseus Grial, Sebastián. _9100277 |
|
| 852 |
_aES-MaACL _jE-1291-92 |
||
| 999 |
_c109959 _d109959 |
||